[Event "Mistrzostwa Polski Juniorów Młodszych"]
[Site "Suwałki, Poland"]
[Date "2025.04.25"]
[Round "3.22"]
[White "Sucharski, Jakub"]
[Black "Guss, Hubert"]
[Result "1/2-1/2"]
[WhiteElo "1786"]
[BlackElo "1599"]
[PlyCount "124"]
[EventDate "2025.??.??"]

1. d4 e6 2. c4 d5 3. Nc3 Nf6 4. cxd5 exd5 5. Bg5 Nbd7 6. Nf3 Be7 7. e3 h6 8. Bh4 O-O 9. Bd3 c6 10. O-O Re8 11. Re1 Ne4 12. Bxe7 Qxe7 13. Nd2 Ndf6 14. Ndxe4 dxe4 15. Be2 Bf5 16. a4 Qb4 17. Qc2 Rac8 18. Na2 Qd6 19. b4 Nd5 20. Qc5 Qxc5 21. bxc5 g6 22. a5 a6 23. Nc1 Rc7 24. Nb3 Kg7 25. Nd2 Ree7 26. Rec1 Bc8 27. Rab1 f5 28. Nc4 f4 29. Rb3 h5 30. Nd6 fxe3 31. fxe3 Be6 32. Bc4 Kf8 33. Kf2 g5 34. Nxe4 g4 35. Nd6 h4 36. Rcb1 Rf7+ 37. Nxf7 Rxf7+ 38. Kg1 Rf6 39. Bxd5 Bxd5 40. Rxb7 Be4 41. Rf1 Rxf1+ 42. Kxf1 g3 43. hxg3 hxg3 44. Rb6 Ke8 45. Rxa6 Bd3+ 46. Ke1 Bxa6 47. e4 Ke7 48. d5 cxd5 49. exd5 Kd7 50. d6 Bb7 51. Kf1 Ba6+ 52. Ke1 Bb7 53. a6 Bxa6 54. Kd2 Bf1 55. Ke3 Bxg2 56. Kf4 Bc6 57. Kxg3 Ke6 58. Kf4 Kd5 59. Kf5 Kxc5 60. Ke6 Ba4 61. Ke7 Kd5 62. Kf6 Kxd6 1/2-1/2

[Event "Mistrzostwa Polski Juniorów Młodszych"]
[Site "Suwałki, Poland"]
[Date "2025.04.25"]
[Round "3.18"]
[White "Lisek, Adam"]
[Black "Janeczek, Maksymilian"]
[Result "0-1"]
[WhiteElo "1575"]
[BlackElo "1748"]
[PlyCount "110"]
[EventDate "2025.??.??"]

1. e4 c5 2. Nf3 Nc6 3. c3 d5 4. exd5 Qxd5 5. d4 e6 6. Be2 Nf6 7. O-O Be7 8. Re1 O-O 9. Bf4 Rd8 10. Ne5 cxd4 11. Bf3 Qc5 12. Nxc6 bxc6 13. Qa4 dxc3 14. Be3 cxb2 15. Bxc5 bxa1=Q 16. Bxe7 Rb8 17. Bxd8 Rxb1 18. Rxb1 Qxb1+ 19. Bd1 Nd5 20. Ba5 Ba6 21. Be1 h6 22. Qxa6 Qxd1 23. Qa5 Nf4 24. h3 Nd3 25. Qd8+ Kh7 26. Kh2 Qxe1 27. Qxd3+ g6 28. Qd4 Qa5 29. Qd7 Kg8 30. Qxc6 Qxa2 31. Qc8+ Kh7 32. f3 Qa1 33. Qf8 Qe5+ 34. Kg1 Qc7 35. h4 a5 36. Qa8 Qc1+ 37. Kh2 Qf4+ 38. g3 Qd2+ 39. Kh3 Qd5 40. Qa7 Qxf3 41. Kh2 Qf5 42. g4 Qf4+ 43. Kh3 Kg7 44. Qxa5 Qf3+ 45. Kh2 Qxg4 46. Qe5+ Kg8 47. Qb8+ Kh7 48. Qf8 Qxh4+ 49. Kg2 Qg4+ 50. Kh2 Qf4+ 51. Kg2 h5 52. Qe7 Kh6 53. Qf8+ Kg5 54. Qe7+ f6 55. Qc5+ e5 0-1

[Event "Mistrzostwa Polski Juniorów Młodszych"]
[Site "Suwałki, Poland"]
[Date "2025.04.25"]
[Round "3.10"]
[White "Koch, Maciej"]
[Black "Kopacki, Aleksander"]
[Result "1-0"]
[WhiteElo "1668"]
[BlackElo "1980"]
[PlyCount "131"]
[EventDate "2025.??.??"]

1. e4 c6 2. d4 d5 3. Nc3 dxe4 4. Nxe4 Bf5 5. Ng3 Bg6 6. h4 h6 7. h5 Bh7 8. Nf3 e6 9. Bd3 Bxd3 10. Qxd3 Nd7 11. Bd2 Ngf6 12. O-O-O Qc7 13. Ne4 O-O-O 14. Nxf6 Nxf6 15. Qe2 Rd5 16. c4 Rxh5 17. Rxh5 Nxh5 18. Qe5 Qxe5 19. Nxe5 f5 20. Re1 Rg8 21. f3 Bd6 22. Nf7 Kd7 23. Nxd6 Kxd6 24. Kc2 Nf6 25. Bf4+ Kd7 26. Re3 g5 27. Be5 Ne8 28. Rb3 Kc8 29. Rc3 Nc7 30. Re3 Rg6 31. Kc3 Ne8 32. Re1 Kd7 33. b4 Nd6 34. a4 g4 35. Bxd6 Kxd6 36. f4 h5 37. Rh1 Rh6 38. Rh4 b5 39. axb5 cxb5 40. c5+ Kc6 41. Kd3 g3 42. Ke2 Kd5 43. Kd3 Rh8 44. Rh1 h4 45. Re1 Rh6 46. Ra1 Kc6 47. Ke3 Kd5 48. Kd3 Rh7 49. Re1 h3 50. gxh3 Rh6 51. h4 Rxh4 52. Re5+ Kc6 53. Rxe6+ Kd7 54. Rg6 Rg4 55. Rxg4 fxg4 56. Ke2 Ke6 57. c6 g2 58. Kf2 a5 59. bxa5 g1=Q+ 60. Kxg1 b4 61. a6 b3 62. c7 Kd7 63. a7 b2 64. c8=Q+ Kxc8 65. a8=Q+ Kc7 66. Qa2 1-0

[Event "Mistrzostwa Polski Juniorów Młodszych"]
[Site "Suwałki, Poland"]
[Date "2025.04.25"]
[Round "3.4"]
[White "Szokalo, Jan"]
[Black "Ejsymont, Eryk"]
[Result "0-1"]
[WhiteElo "1591"]
[BlackElo "1908"]
[PlyCount "138"]
[EventDate "2025.??.??"]

1. Nf3 d5 2. d4 Nf6 3. c4 e6 4. g3 dxc4 5. Bg2 a6 6. O-O c5 7. dxc5 Qxd1 8. Rxd1 Bxc5 9. Bg5 Nbd7 10. Bxf6 Nxf6 11. Nbd2 b5 12. Ne5 Ra7 13. Bc6+ Ke7 14. a4 Bd4 15. Ndxc4 Bxf2+ 16. Kxf2 bxc4 17. Bf3 Bd7 18. Nxc4 Rc7 19. Nb6 a5 20. Nxd7 Nxd7 21. Rac1 Rhc8 22. Rxc7 Rxc7 23. Rd4 e5 24. Rd5 Rc5 25. Rxc5 Nxc5 26. Bc6 Kd6 27. Bb5 f6 28. g4 Nb7 29. Ba6 Nc5 30. Bb5 Kd5 31. e3 Nb7 32. e4+ Kc5 33. b3 Kb4 34. Bc4 Nc5 35. Bd5 Nxb3 36. Bc6 Nc5 37. Kg3 Nxa4 38. Kh4 Nc5 39. g5 a4 40. gxf6 gxf6 41. Kg4 a3 42. Bd5 Nb3 43. Kf5 a2 44. Kxf6 a1=Q 45. Kg7 Qg1+ 46. Kxh7 Qxh2+ 47. Kg6 Qf4 48. Kh5 Qg3 49. Be6 Nd4 50. Bg4 Kc3 51. Bf5 Nxf5 52. exf5 e4 53. f6 e3 54. f7 Qg7 55. f8=R Qxf8 56. Kg4 e2 57. Kh3 e1=R 58. Kg2 Qf1+ 59. Kg3 Re3+ 60. Kg4 Qg2+ 61. Kf4 Rf3+ 62. Ke4 Qe2+ 63. Kd5 Rf5+ 64. Kd6 Qe5+ 65. Kc6 Rf6+ 66. Kd7 Qd6+ 67. Kc8 Rf8+ 68. Kb7 Rb8+ 69. Ka7 Qb6# 0-1

[Event "Mistrzostwa Polski Juniorów Młodszych"]
[Site "Suwałki, Poland"]
[Date "2025.04.25"]
[Round "3.7"]
[White "Serafin, Franciszek"]
[Black "Wolak, Jan"]
[Result "1/2-1/2"]
[WhiteElo "1955"]
[BlackElo "1782"]
[PlyCount "67"]
[EventDate "2025.??.??"]

1. d4 Nf6 2. c4 g6 3. Nc3 Bg7 4. e4 d6 5. Nf3 O-O 6. Be2 e5 7. Be3 Ng4 8. Bg5 f6 9. Bc1 f5 10. exf5 Bxf5 11. dxe5 Nxe5 12. O-O Nbc6 13. Be3 Qd7 14. Nd4 Nxd4 15. Bxd4 Be6 16. Nd5 Bxd5 17. cxd5 Rf4 18. Bc3 Re8 19. g3 Rff8 20. f4 Nf7 21. Bg4 Qb5 22. Be6 Bxc3 23. bxc3 Qc5+ 24. Kh1 Kg7 25. Qd2 c6 26. f5 Ne5 27. Qg5 h6 28. f6+ Kh7 29. Qd2 Qc4 30. Rae1 c5 31. Rb1 b6 32. Rbe1 b5 33. Rd1 Qe4+ 34. Qg2 1/2-1/2

[Event "Mistrzostwa Polski Juniorów Młodszych"]
[Site "Suwałki, Poland"]
[Date "2025.04.25"]
[Round "3.24"]
[White "Pisarski, Marek"]
[Black "Ladon, Jeremi"]
[Result "1/2-1/2"]
[WhiteElo "1594"]
[BlackElo "1670"]
[PlyCount "64"]
[EventDate "2025.??.??"]

1. e4 c5 2. Nf3 Nc6 3. d4 cxd4 4. Nxd4 g6 5. Nc3 Bg7 6. Be3 Nf6 7. Nxc6 bxc6 8. e5 Ng8 9. f4 d6 10. exd6 exd6 11. Be2 Nf6 12. O-O O-O 13. Bf3 d5 14. Bc5 Re8 15. Re1 Rxe1+ 16. Qxe1 Bf5 17. Qd2 Qc7 18. Re1 Re8 19. Rxe8+ Nxe8 20. g3 Nd6 21. Bxd6 Qxd6 22. Kg2 Qe6 23. b3 d4 24. Ne2 c5 25. c3 Be4 26. cxd4 Bxf3+ 27. Kxf3 Qd5+ 28. Ke3 cxd4+ 29. Nxd4 Qc5 30. Qd3 Qc1+ 31. Ke4 Bxd4 32. Qxd4 Qc2+ 1/2-1/2

[Event "Mistrzostwa Polski Juniorów Młodszych"]
[Site "Suwałki, Poland"]
[Date "2025.04.25"]
[Round "3.25"]
[White "Szczukiewicz, Wojciech"]
[Black "Jedlikowski, Jan"]
[Result "1/2-1/2"]
[WhiteElo "1615"]
[BlackElo "1530"]
[PlyCount "94"]
[EventDate "2025.??.??"]

1. e4 e6 2. d4 d5 3. Nc3 Nf6 4. Bg5 Be7 5. e5 Nfd7 6. h4 h6 7. Bxe7 Qxe7 8. Qg4 Kf8 9. f4 a6 10. h5 c5 11. Nf3 Nc6 12. Rd1 b5 13. Be2 Bb7 14. a3 Rc8 15. Rh3 Rg8 16. Bd3 c4 17. Be2 b4 18. Nb1 bxa3 19. bxa3 Nb6 20. f5 exf5 21. Qxf5 Rb8 22. Nh4 Ke8 23. Bg4 Bc8 24. Qf4 Bxg4 25. Qxg4 Qg5 26. Rg3 Qxg4 27. Rxg4 Ne7 28. Kd2 g5 29. hxg6 fxg6 30. Rf1 g5 31. Nf5 Nxf5 32. Rxf5 Na4 33. Nc3 Nxc3 34. Kxc3 Rf8 35. Rxf8+ Kxf8 36. Rg3 Ke7 37. Rf3 Rb6 38. g4 a5 39. Rf1 Ke8 40. Rf2 Rg6 41. Rf5 Ke7 42. Rf2 Rb6 43. Rf1 Ke8 44. Rf5 Ke7 45. Rf1 Ke8 46. Rf2 Ke7 47. Rf5 Re6 1/2-1/2

[Event "Mistrzostwa Polski Juniorów Młodszych"]
[Site "Suwałki, Poland"]
[Date "2025.04.25"]
[Round "3.14"]
[White "Dorowski, Nataniel"]
[Black "Kopia, Julian"]
[Result "0-1"]
[WhiteElo "1621"]
[BlackElo "1814"]
[PlyCount "96"]
[EventDate "2025.??.??"]

1. d4 Nf6 2. c4 g6 3. Nf3 Bg7 4. Nc3 O-O 5. e4 d6 6. Bd3 Nbd7 7. Qc2 e5 8. d5 a5 9. Bd2 Nc5 10. Be2 Nh5 11. Ng1 Nf4 12. g3 Nxe2 13. Ngxe2 f5 14. f3 fxe4 15. fxe4 Rf3 16. Ng1 Rf7 17. O-O-O Qf8 18. Nge2 Rf3 19. Be1 Bh6+ 20. Kb1 Be3 21. Bd2 Qh6 22. Bxe3 Qxe3 23. Rhf1 Bg4 24. Ng1 Rxf1 25. Rxf1 Nd3 26. h3 Rf8 27. Rxf8+ Kxf8 28. hxg4 Qxg1+ 29. Qd1 Qxg3 30. Nb5 Nf2 31. Qf1 Kg8 32. Nxc7 Nxe4 33. Qe2 Nf6 34. b3 Qxg4 35. Qd2 Ne4 36. Qxa5 Qc8 37. b4 Nd2+ 38. Kc2 Nxc4 39. Qa8 Qxa8 40. Nxa8 Ne3+ 41. Kd3 Nxd5 42. b5 h5 43. a4 h4 44. a5 h3 45. b6 h2 46. Nc7 Nxb6 47. axb6 h1=Q 48. Kc4 Qc6+ 0-1

[Event "Mistrzostwa Polski Juniorów Młodszych"]
[Site "Suwałki, Poland"]
[Date "2025.04.25"]
[Round "3.17"]
[White "Kiecana, Ignacy"]
[Black "Wiekiera, Tomasz"]
[Result "1-0"]
[WhiteElo "1744"]
[BlackElo "1613"]
[PlyCount "57"]
[EventDate "2025.??.??"]

1. e4 c5 2. Nf3 Nc6 3. d4 cxd4 4. Nxd4 g6 5. Nc3 Bg7 6. Be3 Nf6 7. Bc4 O-O 8. O-O d6 9. h3 Bd7 10. Bb3 Rc8 11. f4 Na5 12. e5 dxe5 13. fxe5 Ne8 14. e6 Bxd4 15. exf7+ Kh8 16. Bxd4+ Nf6 17. Ne4 Nxb3 18. Bxf6+ exf6 19. cxb3 Qb6+ 20. Kh1 Bf5 21. Ng3 Be6 22. Rxf6 Rc6 23. Qe1 Kg7 24. Qe5 Kh6 25. Qf4+ Kg7 26. Nh5+ Kh8 27. Qh6 Rxf7 28. Rxf7 Bxf7 29. Qg7# 1-0

[Event "Mistrzostwa Polski Juniorów Młodszych"]
[Site "Suwałki, Poland"]
[Date "2025.04.25"]
[Round "3.2"]
[White "Wites, Adam"]
[Black "Bilochenko, Matvii"]
[Result "1-0"]
[WhiteElo "1901"]
[BlackElo "2027"]
[PlyCount "139"]
[EventDate "2025.??.??"]

1. d4 Nf6 2. c4 g6 3. Nc3 Bg7 4. e4 d6 5. Be2 O-O 6. Be3 c5 7. d5 e6 8. h4 exd5 9. cxd5 b5 10. e5 dxe5 11. Bxc5 Re8 12. Bxb5 Bd7 13. Be2 Bf5 14. g4 Be4 15. Nxe4 Nxe4 16. Be3 Qa5+ 17. Kf1 Nd7 18. g5 Rad8 19. h5 Nb6 20. hxg6 hxg6 21. Qc2 Qxd5 22. Rh4 Nd2+ 23. Ke1 Ndc4 24. Bxc4 Qg2 25. Ne2 e4 26. Bxb6 axb6 27. Rd1 e3 28. fxe3 Rxd1+ 29. Qxd1 Qxg5 30. Rf4 Rxe3 31. Bxf7+ Kh7 32. Qa4 Bh6 33. Bxg6+ Qxg6 34. Qd7+ Bg7 35. Qf5 Qxf5 36. Rxf5 Re5 37. Rxe5 Bxe5 38. Nc3 Kg7 39. Kd2 Kf6 40. Kd3 Ke6 41. Kc4 Kd6 42. b4 Kc6 43. b5+ Kb7 44. Ne4 Bf4 45. Kd5 Kc7 46. Ke6 Be3 47. Nf6 Bc5 48. Nd5+ Kc8 49. Nf6 Kc7 50. a4 Bf2 51. Nd5+ Kb7 52. Kd7 Bd4 53. Nf4 Be3 54. Ne6 Bg1 55. Nd8+ Kb8 56. Kc6 Ka7 57. Nf7 Bf2 58. Ne5 Bg1 59. Nc4 Bf2 60. Nd6 Kb8 61. Nc4 Ka7 62. Kc7 Be1 63. Nd6 Ba5 64. Kc6 Kb8 65. Nc4 Ka7 66. Nxa5 bxa5 67. b6+ Ka6 68. b7 Ka7 69. Kc7 Ka6 70. b8=R 1-0

[Event "Mistrzostwa Polski Juniorów Młodszych"]
[Site "Suwałki, Poland"]
[Date "2025.04.25"]
[Round "3.26"]
[White "Kupczyk, Jan"]
[Black "Guzdziol, Olaf"]
[Result "0-1"]
[WhiteElo "1524"]
[BlackElo "1601"]
[PlyCount "74"]
[EventDate "2025.??.??"]

1. e4 c5 2. Nf3 Nc6 3. c3 d5 4. exd5 Qxd5 5. Na3 Nf6 6. d4 e6 7. Nb5 Qd8 8. Bf4 Nd5 9. Bg3 a6 10. Na3 cxd4 11. Nxd4 Bxa3 12. Nxc6 bxc6 13. bxa3 Qa5 14. Qc1 Nxc3 15. Qd2 Qxa3 16. Bd6 c5 17. Qe3 Qb2 18. Rc1 Nxa2 19. Rd1 Bb7 20. Be5 Qb4+ 21. Rd2 O-O 22. Bd3 c4 23. Bd6 Qa5 24. Bxf8 Kxf8 25. Bxc4 Rc8 26. Qb3 Qe5+ 27. Kf1 Qe4 28. Qa3+ Kg8 29. Qxa2 Qxg2+ 30. Ke2 Qe4+ 31. Kd1 Qxh1+ 32. Ke2 Qe4+ 33. Kd1 Qh1+ 34. Ke2 g6 35. Qb2 Qe4+ 36. Kd1 Qxc4 37. Qxb7 Qf1# 0-1

[Event "Mistrzostwa Polski Juniorów Młodszych"]
[Site "Suwałki, Poland"]
[Date "2025.04.25"]
[Round "3.9"]
[White "Mrozowski, Nikodem"]
[Black "Malinowski, Tobiasz"]
[Result "1-0"]
[WhiteElo "1984"]
[BlackElo "1653"]
[PlyCount "143"]
[EventDate "2025.??.??"]

1. e4 c5 2. Nf3 Nc6 3. d4 cxd4 4. Nxd4 g6 5. c4 Bg7 6. Be3 d6 7. Nc3 Nf6 8. Nc2 O-O 9. Be2 Nd7 10. Bd2 a5 11. O-O Nc5 12. b3 e6 13. f3 Qb6 14. Kh1 Rd8 15. Qe1 Bd7 16. Be3 Nb4 17. Qd2 Nxc2 18. Qxc2 Bc6 19. Rad1 Qb4 20. Bd2 Qb6 21. Bf4 Be5 22. Bg5 Rd7 23. Rfe1 Qb4 24. Bd2 Qb6 25. Bf1 a4 26. b4 Qxb4 27. Nd5 Qb2 28. Qxb2 Bxb2 29. Nb6 Rad8 30. Nxd7 Rxd7 31. Bb4 e5 32. g3 Kg7 33. Bh3 Rd8 34. Ba5 Ra8 35. Bc7 Ra6 36. Bxd6 Ne6 37. Bxe6 fxe6 38. Re2 Bd4 39. f4 Bxe4+ 40. Rxe4 Rxd6 41. fxe5 Bxe5 42. Rxd6 Bxd6 43. Rxe6 Bc5 44. Kg2 Kf7 45. Re4 Kf6 46. Kf3 Kf5 47. g4+ Kf6 48. Re8 h6 49. Rh8 Kg7 50. Rc8 b6 51. Ke4 Kf6 52. Kd5 Bg1 53. h3 Kg5 54. Rg8 h5 55. gxh5 Kxh5 56. Ke6 Bd4 57. Kf7 g5 58. Ke6 Kh4 59. Kf5 Be3 60. Rh8+ Kg3 61. Rh5 Kf3 62. Rxg5 Bxg5 63. Kxg5 Ke4 64. h4 Kd4 65. h5 Kxc4 66. h6 Kc3 67. h7 Kb2 68. h8=Q+ Kxa2 69. Qc3 a3 70. Qc2+ Ka1 71. Qb3 a2 72. Qc2 1-0

[Event "Mistrzostwa Polski Juniorów Młodszych"]
[Site "Suwałki, Poland"]
[Date "2025.04.25"]
[Round "3.23"]
[White "Cichocki, Aleksander"]
[Black "Radziszewski, Leon"]
[Result "1-0"]
[WhiteElo "1698"]
[BlackElo "1598"]
[PlyCount "103"]
[EventDate "2025.??.??"]

1. e4 e5 2. Nf3 Nc6 3. Bc4 Bc5 4. d3 Nf6 5. c3 d6 6. h3 Ne7 7. Bb3 Ng6 8. Qe2 c6 9. Be3 Bb6 10. Nbd2 a5 11. Bc2 Bxe3 12. fxe3 b5 13. O-O O-O 14. Rf2 b4 15. Nf1 d5 16. Ng3 Ba6 17. Qe1 Qb6 18. d4 exd4 19. cxd4 dxe4 20. Nxe4 Nxe4 21. Bxe4 Rfe8 22. Bxg6 hxg6 23. Ne5 Ra7 24. Rc1 Bb5 25. Qd1 Rae7 26. Qb3 Qc7 27. Rc5 Kh8 28. Nxf7+ Rxf7 29. Qxf7 Qxf7 30. Rxf7 Rxe3 31. Rf8+ Kh7 32. Rf2 Rd3 33. d5 Rxd5 34. Rxd5 cxd5 35. Rd2 Bc6 36. Rc2 Bb7 37. Rc7 Ba6 38. Ra7 Bc4 39. b3 Bd3 40. Rxa5 Bb1 41. Kf2 Kg8 42. Ke3 Kf7 43. Kd4 Be4 44. g3 Kf6 45. Rb5 Bg2 46. Rxb4 Bxh3 47. Kxd5 g5 48. a4 Kf5 49. a5 Kg6 50. a6 Kf5 51. a7 g4 52. Rf4+ 1-0

[Event "Mistrzostwa Polski Juniorów Młodszych"]
[Site "Suwałki, Poland"]
[Date "2025.04.25"]
[Round "3.19"]
[White "Tyszka, Kacper"]
[Black "Szuminski, Jakub"]
[Result "0-1"]
[WhiteElo "1508"]
[BlackElo "1698"]
[PlyCount "96"]
[EventDate "2025.??.??"]

1. d4 d5 2. c4 c6 3. Nc3 e6 4. Nf3 dxc4 5. e3 b5 6. a4 Bb4 7. Bd2 a5 8. b3 Bxc3 9. Bxc3 b4 10. Bb2 c3 11. Bc1 Ba6 12. Bxa6 Nxa6 13. Ne5 Rc8 14. Qf3 Qf6 15. Qxf6 Nxf6 16. Nc4 Ra8 17. Nb6 Ra7 18. Nc8 Rc7 19. Nd6+ Ke7 20. Nc4 Ra8 21. f3 c5 22. Ke2 cxd4 23. exd4 Nd5 24. Be3 Nb8 25. Kd3 Nd7 26. Rac1 N7b6 27. Nxb6 Nxb6 28. Rc2 Nd5 29. Rd1 Rd8 30. g3 Nxe3 31. Kxe3 e5 32. d5 Rcd7 33. Ke4 Kd6 34. Kf5 Kc5 35. Kxe5 Rxd5+ 36. Rxd5+ Rxd5+ 37. Ke4 Rd2 38. Rxd2 cxd2 39. Ke3 d1=Q 40. Kf2 Qxb3 41. Ke2 Qxa4 42. Kd3 b3 43. Kc3 Qc4+ 44. Kb2 Qc2+ 45. Ka1 b2+ 46. Ka2 b1=N+ 47. Ka1 Nd2 48. h4 Nb3# 0-1

[Event "Mistrzostwa Polski Juniorów Młodszych"]
[Site "Suwałki, Poland"]
[Date "2025.04.25"]
[Round "3.8"]
[White "Buklaho, Ignacy"]
[Black "Kilarski, Kacper"]
[Result "1/2-1/2"]
[WhiteElo "1932"]
[BlackElo "1701"]
[PlyCount "90"]
[EventDate "2025.??.??"]

1. e4 c5 2. Nf3 Nc6 3. c4 g6 4. d4 cxd4 5. Nxd4 Bg7 6. Be3 Qb6 7. Nb5 Qa5+ 8. N5c3 d6 9. Nd2 Bxc3 10. bxc3 Qxc3 11. Be2 Nf6 12. O-O O-O 13. Rc1 Qa5 14. c5 d5 15. Nb3 Qd8 16. exd5 Qxd5 17. h3 Qxd1 18. Rfxd1 Be6 19. Bf3 Rfd8 20. Nd4 Bd5 21. Rb1 Nxd4 22. Rxd4 e5 23. Rd2 Bxf3 24. gxf3 Rxd2 25. Bxd2 Nd7 26. Be3 b6 27. c6 Nf8 28. Rb5 Rc8 29. Rxe5 Ne6 30. Rd5 Rxc6 31. Rd7 Rc7 32. Rd3 Kg7 33. Kf1 g5 34. Kg2 Nf4+ 35. Bxf4 gxf4 36. Rd4 b5 37. Rxf4 Rc4 38. Rf5 a6 39. Rd5 Rc2 40. a4 bxa4 41. Ra5 Ra2 42. Rxa6 a3 43. f4 f5 44. Kf3 Ra1 45. Kg2 Kf7 1/2-1/2

[Event "Mistrzostwa Polski Juniorów Młodszych"]
[Site "Suwałki, Poland"]
[Date "2025.04.25"]
[Round "3.13"]
[White "Zajadlak, Milosz"]
[Black "Perkowski, Jakub"]
[Result "1-0"]
[WhiteElo "1835"]
[BlackElo "1619"]
[PlyCount "49"]
[EventDate "2025.??.??"]

1. e4 c5 2. Nf3 d6 3. d4 cxd4 4. Nxd4 Nf6 5. Nc3 a6 6. Bc4 e6 7. Bb3 Be7 8. Be3 O-O 9. f3 b5 10. Qd2 Bb7 11. O-O-O Nbd7 12. h4 Nc5 13. g4 b4 14. Na4 Nxa4 15. Bxa4 a5 16. h5 Nd7 17. g5 Nc5 18. Bc6 Qc7 19. Bxb7 Qxb7 20. g6 a4 21. h6 Bf6 22. hxg7 Rfc8 23. gxh7+ Kxg7 24. Rdg1+ Kh8 25. Qg2 1-0

[Event "Mistrzostwa Polski Juniorów Młodszych"]
[Site "Suwałki, Poland"]
[Date "2025.04.25"]
[Round "3.16"]
[White "Pawlak, Mateusz"]
[Black "Kucewicz, Piotr"]
[Result "1/2-1/2"]
[WhiteElo "1604"]
[BlackElo "1764"]
[PlyCount "61"]
[EventDate "2025.??.??"]

1. d4 Nf6 2. Nc3 d5 3. Bf4 c6 4. Nf3 g6 5. e3 Bg7 6. Bd3 Nbd7 7. Qd2 O-O 8. h4 h5 9. Ne5 Nxe5 10. Bxe5 Qa5 11. Bxf6 Bxf6 12. O-O-O e5 13. Be2 exd4 14. exd4 c5 15. dxc5 Bxc3 16. Qxc3 Qxc3 17. bxc3 Be6 18. Bf3 Rac8 19. Bxd5 Bf5 20. Bxb7 Rxc5 21. Rd2 Be6 22. a3 Rb8 23. Be4 Rxc3 24. Rd3 Rc4 25. Bd5 Bxd5 26. Rxd5 Rbc8 27. Rd2 Rb8 28. Rd3 Rbc8 29. Rd2 Rb8 30. Rd3 Rbc8 31. Rd2 1/2-1/2

[Event "Mistrzostwa Polski Juniorów Młodszych"]
[Site "Suwałki, Poland"]
[Date "2025.04.25"]
[Round "3.12"]
[White "Czech, Emil"]
[Black "Olejko, Wojciech"]
[Result "0-1"]
[WhiteElo "1673"]
[BlackElo "1837"]
[PlyCount "108"]
[EventDate "2025.??.??"]

1. e4 e6 2. d4 d5 3. e5 c5 4. c3 Nc6 5. Nf3 Bd7 6. a3 c4 7. h4 Qc7 8. Bf4 O-O-O 9. Nbd2 Na5 10. Qc2 h6 11. Be2 Ne7 12. h5 Nec6 13. O-O-O b5 14. g4 Nb7 15. Nf1 a5 16. Kd2 b4 17. axb4 axb4 18. Ke1 b3 19. Qd2 Qb6 20. Qc1 Kc7 21. g5 hxg5 22. Nxg5 Be8 23. Bf3 Ne7 24. Ne3 Na5 25. Ke2 Nac6 26. Qb1 g6 27. hxg6 Rxh1 28. Rxh1 Nxg6 29. Bg3 Be7 30. Nh3 Kb7 31. Nf4 Nxf4+ 32. Bxf4 Qa6 33. Bh5 Ra8 34. Kf3 Qa2 35. Qxa2 Rxa2 36. Rb1 Ra8 37. Rg1 f6 38. Bxe8 Rxe8 39. exf6 Bxf6 40. Ra1 Rf8 41. Bd6 Be7+ 42. Bf4 Bg5 43. Ng2 Na7 44. Ke3 Bf6 45. Rh1 Nb5 46. Ne1 Rh8 47. Rxh8 Bxh8 48. Kd2 Na7 49. Nf3 Nc6 50. Ke3 Kc8 51. Bg3 Bg7 52. Ng5 Nxd4 53. cxd4 c3 54. Nf3 Bh6+ 0-1

[Event "Mistrzostwa Polski Juniorów Młodszych"]
[Site "Suwałki, Poland"]
[Date "2025.04.25"]
[Round "3.1"]
[White "Brzezina, Pawel"]
[Black "Szeszycki, Jan"]
[Result "1-0"]
[WhiteElo "2125"]
[BlackElo "1875"]
[PlyCount "113"]
[EventDate "2025.??.??"]

1. d4 f5 2. g3 Nf6 3. Bg2 g6 4. Nf3 Bg7 5. O-O O-O 6. c4 d6 7. Nc3 c6 8. Qc2 Re8 9. Re1 e5 10. dxe5 dxe5 11. e4 Qc7 12. b3 fxe4 13. Ng5 Bf5 14. Ngxe4 Nxe4 15. Nxe4 Nd7 16. Bb2 Bxe4 17. Qxe4 Rad8 18. Qe3 a6 19. h3 Qb6 20. Qxb6 Nxb6 21. Rad1 Kf7 22. Bc3 Rxd1 23. Rxd1 Bf6 24. Ba5 Nc8 25. h4 b6 26. Bc3 Na7 27. Rd7+ Re7 28. Rd6 Re6 29. Rd2 Re8 30. Rd7+ Re7 31. Rd8 Re8 32. Rxe8 Kxe8 33. f4 Ke7 34. fxe5 Bg7 35. Kf2 Kd8 36. Ke3 Ke7 37. Bd4 c5 38. Bc3 a5 39. a4 Bh8 40. Bb7 Bg7 41. Ke4 Bh6 42. g4 Bc1 43. Kd5 Be3 44. e6 Bd4 45. Bd2 Bf2 46. Bf4 Kd8 47. h5 Bh4 48. hxg6 hxg6 49. g5 Bf2 50. Kd6 Bd4 51. e7+ Ke8 52. Kc7 b5 53. Kb6 bxa4 54. bxa4 Kxe7 55. Kxa7 Bc3 56. Kb6 Bb4 57. Be4 1-0

[Event "Mistrzostwa Polski Juniorów Młodszych"]
[Site "Suwałki, Poland"]
[Date "2025.04.25"]
[Round "3.5"]
[White "Bednarek, Jan"]
[Black "Markowski, Adam"]
[Result "0-1"]
[WhiteElo "1989"]
[BlackElo "1790"]
[PlyCount "134"]
[EventDate "2025.??.??"]

1. e4 e6 2. d4 d5 3. Nd2 c5 4. Ngf3 cxd4 5. exd5 Qxd5 6. Bc4 Qd7 7. O-O Nc6 8. Nb3 a6 9. Nbxd4 Nxd4 10. Nxd4 Qc7 11. Bb3 Bd6 12. Kh1 Ne7 13. c3 O-O 14. Bc2 Rd8 15. Qf3 Bd7 16. Bg5 Rf8 17. Rad1 Ng6 18. Rfe1 Rae8 19. Qh5 Bc5 20. Be3 Be7 21. Rd2 Rd8 22. Red1 Bc8 23. f4 Rd5 24. Qf3 Rdd8 25. f5 exf5 26. Nxf5 Rxd2 27. Nxe7+ Qxe7 28. Rxd2 Re8 29. Kg1 Bg4 30. Qe4 Be6 31. Bb3 Qf8 32. Bxe6 Rxe6 33. Qd4 Re8 34. Qc5 h6 35. Qxf8+ Nxf8 36. Kf2 f6 37. c4 Kf7 38. b3 Ke6 39. Bc5 Kf7 40. a4 g6 41. Rd6 h5 42. Rb6 Nd7 43. Rxb7 Ke6 44. Bd4 Ra8 45. Ra7 Rxa7 46. Bxa7 a5 47. Bd4 Nb8 48. Ke3 Kf5 49. Bc3 Nc6 50. Kd3 Ke6 51. Ke4 g5 52. g3 f5+ 53. Ke3 Kf7 54. Kf3 Kg6 55. h4 f4 56. gxf4 gxh4 57. Ke4 h3 58. f5+ Kg5 59. Bd2+ Kf6 60. Bf4 h4 61. Bd6 Nb4 62. Bxb4 h2 63. Bc3+ Kf7 64. Bxa5 h1=Q+ 65. Kf4 h3 66. Bc7 h2 67. Kg3 Qg1+ 0-1

[Event "Mistrzostwa Polski Juniorów Młodszych"]
[Site "Suwałki, Poland"]
[Date "2025.04.25"]
[Round "3.6"]
[White "Machaj, Szymon"]
[Black "Sniedziewski, Emil"]
[Result "0-1"]
[WhiteElo "1760"]
[BlackElo "1985"]
[PlyCount "140"]
[EventDate "2025.??.??"]

1. e4 e6 2. d4 d5 3. Nd2 c5 4. exd5 Qd7 5. d6 Qxd6 6. Ngf3 Qd5 7. Be2 cxd4 8. Bc4 Qd6 9. O-O Nf6 10. Nb3 Nc6 11. Nbxd4 Nxd4 12. Nxd4 Be7 13. c3 O-O 14. Qf3 Qc7 15. Bb3 a5 16. a4 Bd7 17. Be3 Bc6 18. Qe2 Nd5 19. Bd2 Rfd8 20. Rfd1 Bf6 21. Nb5 Bxb5 22. Qxb5 g6 23. Bh6 Ne7 24. Be3 Rxd1+ 25. Rxd1 Nc6 26. g3 h5 27. Bb6 Qe7 28. Bc5 Qe8 29. Bb6 h4 30. Kg2 Kg7 31. Bc7 Qc8 32. Bd6 Ra6 33. Bc2 Nd4 34. Qd3 Rxd6 35. cxd4 Rxd4 36. Qb3 Qc6+ 37. f3 Rb4 38. Qd3 Rxb2 39. Rd2 hxg3 40. hxg3 Qc3 41. Qxc3 Bxc3 42. Re2 b5 43. axb5 Rxb5 44. Ba4 Rb2 45. Rxb2 Bxb2 46. Kf2 f5 47. Ke3 Kf6 48. Bc2 e5 49. Ba4 Kg5 50. Be8 Bc3 51. Kd3 Be1 52. g4 fxg4 53. fxg4 Kxg4 54. Bxg6 Kf4 55. Be4 a4 56. Bd5 a3 57. Ke2 Bb4 58. Kd3 Be7 59. Ke2 e4 60. Ba2 Ke5 61. Ke3 Bc5+ 62. Ke2 Kd4 63. Bb1 Kc3 64. Ba2 Kb2 65. Bd5 a2 66. Bxa2 Kxa2 67. Kd2 Kb3 68. Ke2 Kc3 69. Kd1 Kd3 70. Ke1 e3 0-1

[Event "Mistrzostwa Polski Juniorów Młodszych"]
[Site "Suwałki, Poland"]
[Date "2025.04.25"]
[Round "3.15"]
[White "Kaczmarek, Piotr"]
[Black "Brzeski, Karol"]
[Result "1-0"]
[WhiteElo "1767"]
[BlackElo "1510"]
[PlyCount "119"]
[EventDate "2025.??.??"]

1. d4 Nf6 2. c4 g6 3. Nc3 Bg7 4. e4 d6 5. h3 Nbd7 6. Nf3 O-O 7. Be3 c5 8. d5 a6 9. Be2 Rb8 10. Nd2 Ne8 11. Qc2 Nc7 12. a4 Nf6 13. O-O Nfe8 14. f4 f5 15. e5 dxe5 16. fxe5 Bxe5 17. Bxc5 b6 18. Qb3 Nxd5 19. cxd5 bxc5 20. Qa3 Bd4+ 21. Kh1 Bxc3 22. bxc3 Nf6 23. Qxc5 Rb2 24. Rfd1 Rxd2 25. Rxd2 Ne4 26. Qe3 Nxd2 27. Qxd2 Rf6 28. c4 Qc7 29. Qd4 f4 30. Bf3 g5 31. c5 h5 32. d6 Qd8 33. Rd1 exd6 34. cxd6 g4 35. Bc6 gxh3 36. d7 hxg2+ 37. Bxg2 Bxd7 38. Qd5+ Kg7 39. Qxd7+ Qxd7 40. Rxd7+ Kg6 41. Bf3 Rb6 42. Rd5 Rb1+ 43. Kg2 Rb2+ 44. Kf1 h4 45. Be4+ Kg7 46. Rg5+ Kf6 47. Rg6+ Ke5 48. Bd3 Kd4 49. Bxa6 Ke3 50. Re6+ Kf3 51. Be2+ Kg3 52. Rg6+ Kh3 53. a5 Kh2 54. a6 Ra2 55. Kf2 h3 56. Rh6 f3 57. Kxf3 Kg1 58. Rxh3 Ra3+ 59. Kg4 Ra4+ 60. Kf5 1-0

[Event "Mistrzostwa Polski Juniorów Młodszych"]
[Site "Suwałki, Poland"]
[Date "2025.04.25"]
[Round "3.3"]
[White "Bury, Marcel"]
[Black "Chmielek, Milan"]
[Result "1/2-1/2"]
[WhiteElo "1809"]
[BlackElo "1954"]
[PlyCount "68"]
[EventDate "2025.??.??"]

1. e4 e5 2. Nf3 Nc6 3. d4 exd4 4. Nxd4 Nf6 5. Nc3 Bc5 6. Be3 Bb6 7. Bc4 O-O 8. Bb3 Re8 9. f3 d5 10. Nxc6 bxc6 11. Bxb6 cxb6 12. O-O Ba6 13. Rf2 d4 14. Ne2 c5 15. c4 Qc7 16. a4 Rad8 17. Nc1 Nd7 18. Nd3 Ne5 19. Nxe5 Qxe5 20. Qd3 Bb7 21. Bc2 Qd6 22. Re2 f5 23. Rae1 fxe4 24. fxe4 Qe5 25. Rf1 Bc8 26. Ref2 Rf8 27. Rxf8+ Rxf8 28. Rxf8+ Kxf8 29. Qf3+ Ke7 30. Bd3 Be6 31. b3 Qg5 32. h3 Qc1+ 33. Kh2 Qg5 34. Be2 Qe5+ 1/2-1/2